Cases in strategic marketing / (Record no. 5758)

MARC details
000 -LEADER
fixed length control field 00898nac a22002411u 4500
010 ## - LIBRARY OF CONGRESS CONTROL NUMBER
LC control number 92017671
020 ## - INTERNATIONAL STANDARD BOOK NUMBER
International Standard Book Number 0131192310 (case)
082 00 - DEWEY DECIMAL CLASSIFICATION NUMBER
Classification number 658.802
Item number SWA
090 ## - LOCALLY ASSIGNED LC-TYPE CALL NUMBER (OCLC); LOCAL CALL NUMBER (OCLC)
-- 5758
-- 5758
100 ## - MAIN ENTRY--PERSONAL NAME
Personal name Swayne, Linda.
245 00 - TITLE STATEMENT
Title Cases in strategic marketing /
Statement of responsibility, etc [edited by] Linda E. Swayne, Peter M. Ginter.
250 ## - EDITION STATEMENT
Edition statement 2nd ed.
260 ## - PUBLICATION, DISTRIBUTION, ETC. (IMPRINT)
Place of publication, distribution, etc Englewood Cliffs, N.J. :
Name of publisher, distributor, etc Prentice Hall,c1993.
Date of publication, distribution, etc c1993.
300 ## - PHYSICAL DESCRIPTION
Extent xxvii, 819 p. :
Other physical details ill., maps ;
Dimensions 25 cm.
500 ## - GENERAL NOTE
General note Distributer : Al-Ahram.
504 ## - BIBLIOGRAPHY, ETC. NOTE
Bibliography, etc Includes bibliographical references.
511 ## - PARTICIPANT OR PERFORMER NOTE
Participant or performer note Catalogued By : Mahitab.
650 #0 - SUBJECT ADDED ENTRY--TOPICAL TERM
Topical term or geographic name as entry element Marketing
General subdivision Decision making
Form subdivision Case studies.
650 #0 - SUBJECT ADDED ENTRY--TOPICAL TERM
Topical term or geographic name as entry element Marketing
General subdivision Management
Form subdivision Case studies.
700 1# - ADDED ENTRY--PERSONAL NAME
Personal name Ginter, Peter M.
942 ## - ADDED ENTRY ELEMENTS (KOHA)
Item type Book - Borrowing
Call number prefix 658.802SWA
Holdings
Withdrawn status Item status Damaged status Not for loan Home library Current library Shelving location Date acquired Source of acquisition Total Checkouts Full call number Barcode Date last seen Date last borrowed Koha item type
        Central Library Central Library First floor 07/11/2005 Purchase 1 658.802SWA 000007479 15/07/2025 08/03/2010 Book - Borrowing